000 00403nam a22001697a 4500
003 OSt
008 240404b |||||||| |||| 00| 0 eng d
020 _a9788122479355
082 _a615.19 KAP
100 _aKAR, ASHUTOSH
245 _aPHYSICAL PHARMACEUTICS-1
250 _a2nd
260 _aNew Delhi
_bNew Age
_c2024
300 _axii,219
650 _aPHYSICAL PHARMACEUTICAL-I
942 _2ddc
_cBK
999 _c12396
_d12396